Công nghệ sinh học
保存先:
| 第一著者: | |
|---|---|
| フォーマット: | 図書 |
| 言語: | Undetermined |
| 出版事項: |
Hà Nội
Đại Học Quốc Gia
1998
|
| 主題: | |
| タグ: |
タグ追加
タグなし, このレコードへの初めてのタグを付けませんか!
|
| Thư viện lưu trữ: | Trung tâm Học liệu Trường Đại học Cần Thơ |
|---|
| LEADER | 00525nam a2200169Ia 4500 | ||
|---|---|---|---|
| 001 | CTU_32652 | ||
| 008 | 210402s9999 xx 000 0 und d | ||
| 082 | |a 660.6 | ||
| 082 | |b C455 | ||
| 100 | |a Công nghệ sinh học | ||
| 245 | 0 | |a Công nghệ sinh học | |
| 245 | 0 | |c Công nghệ sinh học; Dịch giả: Nguyễn Đức Lượng | |
| 260 | |a Hà Nội | ||
| 260 | |b Đại Học Quốc Gia | ||
| 260 | |c 1998 | ||
| 650 | |a biotechnology | ||
| 980 | |a Trung tâm Học liệu Trường Đại học Cần Thơ | ||